Library Banner

Manual of civil courts laws / (Record no. 122666)

MARC details
000 -LEADER
fixed length control field 00386nam a22001457a 4500
005 - DATE AND TIME OF LATEST TRANSACTION
control field 20210619084445.0
008 - FIXED-LENGTH DATA ELEMENTS--GENERAL INFORMATION
fixed length control field 210619b ||||| |||| 00| 0 eng d
040 ## - CATALOGING SOURCE
Transcribing agency PK-LaUMT
082 ## - DEWEY DECIMAL CLASSIFICATION NUMBER
Classification number 346.0026
Item number IFR-M
100 ## - MAIN ENTRY--PERSONAL NAME
Personal name Ifran Akhtar
245 ## - TITLE STATEMENT
Title Manual of civil courts laws /
Statement of responsibility, etc by Ifraz Akhtar
260 ## - PUBLICATION, DISTRIBUTION, ETC. (IMPRINT)
Place of publication, distribution, etc Lahore :
Name of publisher, distributor, etc Capital Law Publishers,
Date of publication, distribution, etc 2021
300 ## - PHYSICAL DESCRIPTION
Extent 304 p.
942 ## - ADDED ENTRY ELEMENTS (KOHA)
Koha item type Books
Holdings
Withdrawn status Lost status Damaged status Home library Current library Date acquired Full call number Barcode Date last seen Price effective from Koha item type Copy number
      UMT Main Campus UMT Main Campus 2021-06-19 346.0026 IFR-M 138022 2021-06-19 2021-06-19 Books  
      UMT Main Campus UMT Main Campus 2025-03-18 346.0026 IFR-M 149132 2025-05-09 2025-03-18 Books C.2